Ego sum

Saved in:
Bibliographic Details
Main Author: Nancy, Jean-Luc (autor)
Other Authors: Moreno Romo, Juan Carlos (traductor)
Format: Book
Language:Spanish
Published: Barcelona Anthropos 2007
Series:Colección Autores, Textos y Temas. Filosofía, 65
Subjects:
Tags: Add Tag
No Tags, Be the first to tag this record!

MARC

LEADER 00000cam a2200000 a 4500
001 UCI7715
003 CL-VaPUC
005 20220705121743.0
008 080718e20070000SP |||||||||||||||||spa|d
999 |c 330898  |d 330896 
020 |a 9788476588468 
040 |c Pontificia Universidad Católica de Valparaíso 
082 0 4 |a 110  |b NAN  |2 21 
100 |a Nancy, Jean-Luc  |e autor  |9 592317 
245 1 0 |a Ego sum 
260 |a Barcelona  |b Anthropos  |c 2007 
300 |a 145 p 
490 0 |a Colección Autores, Textos y Temas. Filosofía, 65 
583 |a last modification  |c 20160913 04:31:20  |k Rodrigo Vera 
650 0 |a Metafísica  |9 265649 
650 7 |a FILOSOFIA POLITICA  |2 CL-VaPUC  |9 531004 
650 0 |a Filosofía francesa   |9 255698 
700 1 |a Moreno Romo, Juan Carlos  |e traductor  |9 864940 
942 |c BK  |2 ddc 
945 |d 20080718 00:00:00  |a jtorresc 
952 |0 0  |1 0  |3 erb  |4 0  |6 110_000000000000000_NAN_2007  |7 0  |8 A  |9 416817  |a BIBEDU  |b BIBEDU  |i 5197201  |o 110 NAN 2007  |p 5197201  |r 2019-11-22  |w 2019-11-22  |y BK  |z Catalogado en:20150911  |k FIL